000 00562nam a2200181 i 4500
001 185914
003 ES-MaACL
005 20230906222538.0
008 160823s1926 sp |||| | spa d
245 0 0 _aCuentos malayos.
260 _aMadrid :
_bRevista de Occidente,
_c[1926]
300 _a180 p. ;
_c18 cm.
490 1 _aMusas lejanas. Mitos, cuentos, leyendas ;
_v9
650 4 _aCuentos populares-
_zArchipiƩlago malayo.
_9160543
830 1 _aMusas lejanas. Mitos, cuentos, leyendas ;
_v9
_9192435
852 _aES-MaACL
_jC-13757
999 _c185914
_d185914